La sumida

Wedi'i Gadw mewn:
Manylion Llyfryddiaeth
Prif Awdur: Kafu, Nagai
Fformat: Llyfr
Iaith:Undetermined
Cyhoeddwyd: Gallimard (UNESCO) 1975
Pynciau:
Tagiau: Ychwanegu Tag
Dim Tagiau, Byddwch y cyntaf i dagio'r cofnod hwn!
Thư viện lưu trữ: Trung tâm Học liệu Trường Đại học Cần Thơ
LEADER 00461nam a2200169Ia 4500
001 CTU_113489
008 210402s9999 xx 000 0 und d
082 |a 895.63 
082 |b K11 
100 |a Kafu, Nagai 
245 0 |a La sumida 
245 0 |c Nagai Kafu; Traduit du japonais par Pierre Faure 
260 |b Gallimard (UNESCO) 
260 |c 1975 
650 |a Japanese literature 
904 |i Giang 
980 |a Trung tâm Học liệu Trường Đại học Cần Thơ